[Event "Berlin Neukoelln"]
[Site "Berlin-West"]
[Date "1988.??.??"]
[Round "?"]
[White "Cladouras, Panagiotis"]
[Black "Gaprindashvili, Nona"]
[Result "0-1"]
[WhiteElo "2380"]
[BlackElo "2485"]

1.e4 g6 2.d4 c6 3.Nf3 Bg7 4.c3 d5 5.Nbd2 Nh6 6.Bd3 O-O 7.O-O f6 8.Re1 Nf7
9.exd5 cxd5 10.c4 e6 11.b3 Nc6 12.Bb2 Re8 13.Bf1 Bd7 14.g3 Rc8 15.a3 Nd6
16.Rc1 Ne7 17.Bh3 Nef5 18.cxd5 exd5 19.Rxe8+ Qxe8 20.Bg2 Rxc1 21.Qxc1 Bc6
22.Qe1 Qd7 23.Nf1 Bh6 24.Bc1 Bxc1 25.Qxc1 Nb5 26.Qf4 Qd6 27.Qxd6 Nfxd6 28.a4 Nc3
29.N1d2 Nde4 30.Kf1 Kf7 31.Ke1 Ke6 32.Ng1 b5 33.axb5 Nxb5 34.Ne2 Kd6 35.f3 Ng5
36.Kf2 Ne6 37.Ke3 Na3 38.f4 Bb5 39.Nc3 Nc2+ 40.Kf2 Bc6 41.Ne2 Ncxd4 42.Nxd4 Nxd4
43.Ke3 Nc2+ 44.Kf2 Kc5 45.Bf1 Kb4 46.Ba6 Kc3 47.Ke2 Bb5+ 48.Bxb5 Nd4+ 49.Kd1 Nxb5
50.g4 Nd4 51.h4 Nxb3 52.Nf1 Kd3 53.Ng3 a5  0-1

[Event "Berlin Neukoelln"]
[Site "Berlin-West"]
[Date "1988.??.??"]
[Round "?"]
[White "Hermann, Manfred"]
[Black "Gaprindashvili, Nona"]
[Result "1/2-1/2"]
[WhiteElo "2385"]
[BlackElo "2485"]

1.e4 c5 2.c3 d5 3.exd5 Qxd5 4.d4 e6 5.Nf3 Nf6 6.Be2 Be7 7.O-O O-O 8.c4 Qf5
9.Nc3 cxd4 10.Nxd4 Qe5 11.Nf3 Qf5 12.Nd4 Qe5 13.Nf3 Qf5  1/2-1/2

[Event "Berlin Neukoelln"]
[Site "Berlin-West"]
[Date "1988.??.??"]
[Round "?"]
[White "Kosa, Laszlo"]
[Black "Gaprindashvili, Nona"]
[Result "1-0"]
[WhiteElo "2310"]
[BlackElo "2485"]

1.e4 c6 2.d3 d5 3.Nd2 g6 4.f4 Bg7 5.Ngf3 Nh6 6.Qe2 O-O 7.e5 f6 8.g3 fxe5
9.Nxe5 Nd7 10.Ndf3 Nxe5 11.Nxe5 Nf7 12.d4 Nxe5 13.dxe5 Be6 14.h4 Qd7 15.Bg2 Bg4
16.Qd3 Qf5 17.Be3 e6 18.a4 Rf7 19.a5 Bf8 20.Qb3 Rd7 21.Bf2 Be7 22.Qc3 d4
23.Qd2 d3 24.O-O Rad8 25.c3 c5 26.Rfe1 Qh5 27.Ra4 Kf7 28.Re3 Be2 29.Ra1 Rc8
30.c4 Rd4 31.Re4 Rxe4 32.Bxe4 Rd8 33.Kh2 Bf3 34.Re1 Bxe4 35.Rxe4 Qf5 36.Re3 Kg7
37.Be1 h6 38.Qg2 g5 39.fxg5 hxg5 40.Qxb7 Qf7 41.Rf3 Qe8 42.Bd2 Rd4 43.hxg5 Rxc4
44.g6 Kxg6 45.Qa6 Rd4 46.Qxe6+ Kg7 47.Rf5 Rd8 48.Qh6+ Kg8 49.Rh5  1-0

[Event "Berlin Neukoelln"]
[Site "Berlin-West"]
[Date "1988.??.??"]
[Round "?"]
[White "Weber, Siegfried"]
[Black "Gaprindashvili, Nona"]
[Result "1/2-1/2"]
[WhiteElo "2315"]
[BlackElo "2485"]

1.e4 c6 2.d3 d5 3.Nd2 g6 4.Ngf3 Bg7 5.g3 e5 6.Bg2 Ne7 7.O-O O-O 8.b4 a5 9.bxa5 Qxa5
10.Bb2 dxe4 11.Nxe4 Nf5 12.Re1 Nd7 13.Ned2 Qc7 14.Nc4 f6 15.d4 Ra4 16.Qd3 b5
17.Ne3 Nxd4 18.Nxd4 exd4 19.Bxd4 Kh8 20.c4 Qd6 21.Bf1 Ba6 22.Rec1 Ne5 23.Bxe5 Qxe5
24.Qb3 f5 25.cxb5 cxb5 26.Rab1 f4 27.Nd5 fxg3 28.hxg3 Bb7 29.Bg2 Rd4 30.Rd1 Bxd5
31.Bxd5 Qf5 32.f4 Rd8 33.Bg2 h5 34.Qf3 b4 35.Kh2 Kh7 36.Rxd4 Rxd4 37.Rb3 h4
38.a3 bxa3 39.Rxa3 Kh6 40.Bh3 Qc2+ 41.Bg2 Qf5 42.Re3 Bf6 43.Re4 hxg3+ 44.Kxg3 Rd2
45.Kh2 Kg7 46.Re7+ Kh6 47.Re4 Kg7 48.Re7+ Bxe7 49.Qc3+ Qf6 50.Qxd2 Bd6 51.Kg3 g5
52.Kg4 gxf4 53.Qd5 Be5 54.Qd7+ Kh6 55.Kf3 Bd6 56.Qh3+ Kg6 57.Qg4+ Kh7 58.Qh5+ Kg7
59.Qg4+ Kf7 60.Qd7+ Be7 61.Bh3  1/2-1/2

[Event "Biel-B"]
[Site "Biel"]
[Date "1988.??.??"]
[Round "2"]
[White "Gaprindashvili, Nona"]
[Black "Costa, Jean Luc"]
[Result "1/2-1/2"]
[WhiteElo "2455"]
[BlackElo "2350"]

1.d4 d5 2.c4 e6 3.Nf3 Nf6 4.Bg5 Be7 5.Nc3 O-O 6.e3 Nbd7 7.Qc2 c5 8.O-O-O Qa5
9.h4 cxd4 10.Rxd4 Bb4 11.cxd5 Bxc3 12.Qxc3 Qxc3+ 13.bxc3 Nxd5 14.e4 Nxc3
15.Kc2 e5 16.Nxe5 Nxe5 17.Kxc3 Be6 18.Kb2 f6 19.Bf4 Rfd8 20.Rxd8+ Rxd8 21.Be2 Rd4
22.f3 Rb4+ 23.Ka3 a5 24.Bd2 Bc4 25.f4 Bxe2 26.fxe5 Rxe4 27.exf6 b5 28.fxg7 Kxg7
29.Re1 Ra4+ 30.Kb2 Bc4 31.a3 Bf7 32.Bc3+ Kf8 33.Bf6 b4 34.Be7+ Kg8 35.axb4 Ra2+
36.Kc3 axb4+ 37.Kxb4 Rb2+ 38.Kc5 Rxg2 39.Ra1 Bg6 40.Bg5 Kf7 41.Kd6 Bf5 42.Ke5 Bd3
43.Rd1 Re2+ 44.Kf4 Bb5  1/2-1/2

[Event "Biel-B"]
[Site "Biel"]
[Date "1988.??.??"]
[Round "3"]
[White "Zapata, Alonso"]
[Black "Gaprindashvili, Nona"]
[Result "1-0"]
[WhiteElo "2480"]
[BlackElo "2455"]

1.e4 c5 2.Nf3 Nc6 3.d4 cxd4 4.Nxd4 e5 5.Nb5 d6 6.c4 Be6 7.N1c3 a6 8.Na3 Rc8
9.Be3 Nf6 10.Be2 Be7 11.O-O O-O 12.Rc1 h6 13.Qd2 Ne8 14.Rfd1 Bg5 15.Nc2 Bxe3
16.Qxe3 Qg5 17.Qxg5 hxg5 18.b4 g6 19.Nd5 Kg7 20.Nb6 Rd8 21.b5 Nb8 22.Nb4 a5
23.N4d5 Nf6 24.Nc3 Rfe8 25.Rd2 Kf8 26.Rcd1 Ke7 27.f3 Rh8 28.h3 Rhe8 29.Nca4 Nbd7
30.Rxd6 Nxb6 31.Rxb6 Rxd1+ 32.Bxd1 Bc8 33.Nc3 Rd8 34.Bb3 Rd3 35.Nd5+ Rxd5
36.exd5 Nd7 37.d6+ Ke8 38.c5 Nxb6 39.cxb6 f6 40.g3 f5 41.h4 gxh4 42.gxh4 a4
43.Bxa4 Be6 44.Bc2 Kd7 45.a4 Kxd6 46.Bd3 Kc5 47.a5 Bd7 48.Kf2 Be6 49.Ke3 Bd7
50.Bc4 Be8 51.Kd2 f4 52.Kc3 Bd7 53.Bd5 Kxb5 54.Bxb7 Kxa5 55.Be4 Kxb6 56.Bxg6 Kc5
57.h5 e4 58.Bxe4  1-0

[Event "Biel-B"]
[Site "Biel"]
[Date "1988.??.??"]
[Round "4"]
[White "Gaprindashvili, Nona"]
[Black "Hickl, Joerg"]
[Result "0-1"]
[WhiteElo "2455"]
[BlackElo "2500"]

1.d4 Nf6 2.c4 d6 3.Nc3 Bf5 4.g3 g6 5.Bg2 c6 6.e4 Be6 7.Qe2 Qb6 8.Nf3 Bg7
9.O-O O-O 10.h3 h6 11.d5 Bd7 12.e5 dxe5 13.Nxe5 cxd5 14.cxd5 Bc8 15.g4 Re8
16.Bf4 Nbd7 17.Nc4 Qa6 18.Rfe1 g5 19.Bg3 Nf8 20.b4 Bd7 21.a4 Nxg4 22.b5 Qg6
23.Rac1 Nf6 24.Ne5 Qh5 25.Nxd7 N8xd7 26.Qa2 Rac8 27.Ne2 Qg6 28.Bc7 Ne4 29.Bxe4 Qxe4
30.Ng3 Qg6 31.Qe2 Nf6 32.Qf3 Bf8 33.a5 h5 34.b6 axb6 35.axb6 g4 36.hxg4 hxg4
37.Qh1 Bh6 38.Rc4 Ra8 39.Rcc1 Bxc1 40.Rxc1 Ra3 41.d6 Rf3 42.dxe7 Qg5 43.Re1 Qd2
44.Rf1 Rxe7 45.Qh4 Re1 46.Rxe1 Qxf2+  0-1

[Event "Biel-B"]
[Site "Biel"]
[Date "1988.??.??"]
[Round "6"]
[White "Gerber, Richard"]
[Black "Gaprindashvili, Nona"]
[Result "1/2-1/2"]
[WhiteElo "2370"]
[BlackElo "2455"]

1.d4 d5 2.Nf3 e6 3.Bg5 Nf6 4.Nbd2 Be7 5.e3 Ne4 6.Bxe7 Qxe7 7.Bd3 Nxd2 8.Qxd2 c5
9.O-O O-O 10.c3 Nc6 11.Rad1 Bd7 12.Rfe1  1/2-1/2

[Event "Biel-B"]
[Site "Biel"]
[Date "1988.??.??"]
[Round "9"]
[White "Gaprindashvili, Nona"]
[Black "Landenbergue, Claude"]
[Result "0-1"]
[WhiteElo "2455"]
[BlackElo "2325"]

1.d4 Nf6 2.c4 e6 3.Nc3 Bb4 4.Nf3 c5 5.g3 O-O 6.Bg2 cxd4 7.Nxd4 d5 8.O-O e5
9.Nc2 Bxc3 10.bxc3 dxc4 11.Ba3 Re8 12.Qxd8 Rxd8 13.Rfd1 Re8 14.Ne3 Nc6 15.Nxc4 e4
16.Nd6 Re5 17.c4 Bg4 18.Kf1 Re7 19.h3 Bh5 20.Nb5 Re5 21.Bd6 Rg5 22.Rac1 Rd8
23.Bf4 Rxd1+ 24.Rxd1 Rc5 25.Nd6 h6 26.Rc1 Ra5 27.Rc2 Nb4 28.Nxb7 Ra3 29.Rb2 Nxa2
30.g4 Bg6 31.Kg1 Nc3 32.c5 Nfd5 33.Bd6 e3 34.fxe3 Ne4 35.Kh2 Nxe3 36.Bf3 Nf1+
37.Kg2 Ra1 38.Bxe4 Ne3+ 39.Kf2 Nd1+ 40.Kg3 Nxb2 41.Bxg6 fxg6 42.c6 Na4 43.Kf4 Rc1
44.Nd8 Nb6 45.e4 Nc8 46.e5 a5 47.Ke3 a4 48.Kd2 Rh1 49.c7 Rh2+ 50.Kc1 Rxh3
51.Kb2 Rd3 52.Nc6 Rxd6 53.exd6 Nxd6 54.Ne5 g5 55.Ka3 Nb5+ 56.Kxa4 Nxc7 57.Kb4 Kf8
58.Kc5 Ke7 59.Kd4 Ke6 60.Ke4 Nb5 61.Nd3 Nd6+  0-1

[Event "Biel-B"]
[Site "Biel"]
[Date "1988.??.??"]
[Round "10"]
[White "Gobet, Fernand"]
[Black "Gaprindashvili, Nona"]
[Result "0-1"]
[WhiteElo "2405"]
[BlackElo "2455"]

1.e4 g6 2.d4 c6 3.Nc3 d5 4.e5 h5 5.Nf3 Nh6 6.Bd3 Na6 7.O-O Nc7 8.Re1 Bf5
9.Bf1 Bg4 10.h3 Bxf3 11.Qxf3 Nf5 12.Ne2 e6 13.a4 Be7 14.b3 Kd7 15.c4 g5 16.Qd3 Bb4
17.Rd1 Qe7 18.a5 f6 19.a6 fxe5 20.axb7 Rab8 21.cxd5 cxd5 22.Rxa7 e4 23.Qc2 Nb5
24.Qa2 Nxa7 25.Qxa7 Bd6 26.Nc3 Ke8 27.Qa4+ Kf7 28.Ba6 Rxb7 29.Bxb7 Qxb7 30.Qa2 g4
31.hxg4 hxg4 32.g3 Kf6 33.Ne2 Qh7 34.Kf1 Qh1+ 35.Ng1 Rh2 36.Ke2 Rxf2+  0-1

[Event "Biel-B"]
[Site "Biel"]
[Date "1988.??.??"]
[Round "11"]
[White "Gaprindashvili, Nona"]
[Black "Franzoni, Giancarlo"]
[Result "1/2-1/2"]
[WhiteElo "2455"]
[BlackElo "2435"]

1.d4 Nf6 2.c4 e6 3.Nc3 Bb4 4.Nf3 c5 5.g3 cxd4 6.Nxd4 Ne4 7.Qd3 Bxc3+ 8.bxc3 Nc5
9.Qe3 b6 10.Nf5 O-O 11.Nd6 Qe7 12.Bg2 Nc6 13.Qd2 Rb8 14.Ba3 Na5 15.Bxc5 bxc5
16.O-O Ba6 17.Rfd1 Nxc4 18.Nxc4 Bxc4 19.Qxd7 Qxd7 20.Rxd7 a6 21.e3 g6 22.Bb7 Rfd8
23.Rc7 Rd2 24.a4 Rc2 25.Rxc5 Rxb7 26.Rxc4 Rbb2 27.Rf1 Ra2 28.Kg2 Kg7 29.Kf3 Ra3
30.Rd1 Raa2 31.Rf1 Ra3  1/2-1/2

[Event "Candidats (Women)"]
[Site "Tskhaltubo"]
[Date "1988.??.??"]
[Round "?"]
[White "Alexandria, Nana"]
[Black "Gaprindashvili, Nona"]
[Result "0-1"]
[WhiteElo "2415"]
[BlackElo "2485"]

1.d4 Nf6 2.Nf3 g6 3.c4 Bg7 4.Nc3 d5 5.Qb3 dxc4 6.Qxc4 O-O 7.e4 Bg4 8.Be3 Nfd7
9.Qb3 Nb6 10.Rd1 e6 11.Be2 Qe7 12.Ng1 Bxe2 13.Ngxe2 Nc6 14.O-O Rfd8 15.d5 Na5
16.Qb5 Nac4 17.Bc5 Nd6 18.Qb3 exd5 19.exd5 Rd7 20.Ng3 Qh4 21.Nge2 Nf5 22.Rd3 Qc4
23.Qxc4 Nxc4 24.b3 Ne5 25.Rd2 b6 26.Ba3 c5 27.h3 Nc6 28.Rfd1 Ncd4 29.b4 Rc8
30.bxc5 bxc5 31.Kf1 Nd6 32.Na4 Nc4 33.Bxc5 Nxd2+ 34.Rxd2 Nxe2 35.Kxe2 Bf8
36.Bxf8 Kxf8 37.Ke3 Re8+ 38.Kd4 Rxd5+  0-1

[Event "Candidats (Women)"]
[Site "Tskhaltubo"]
[Date "1988.??.??"]
[Round "?"]
[White "Ioseliani, Nana"]
[Black "Gaprindashvili, Nona"]
[Result "1-0"]
[WhiteElo "2455"]
[BlackElo "2485"]

1.e4 c5 2.Nf3 d6 3.d4 cxd4 4.Nxd4 Nf6 5.Nc3 Nc6 6.Bg5 e6 7.Qd2 a6 8.O-O-O h6
9.Be3 Bd7 10.f3 Be7 11.Kb1 Nxd4 12.Bxd4 b5 13.Bxf6 gxf6 14.f4 Qc7 15.Bd3 h5
16.f5 O-O-O 17.Rhf1 Rdg8 18.a4 Qb6 19.axb5 axb5 20.Nxb5 Bxb5 21.Qb4 Rxg2
22.Bxb5 Kc7 23.fxe6 Rb8 24.Qc3+ Kd8 25.Bc4 Qb4 26.Qxb4 Rxb4 27.b3 fxe6 28.Bxe6 Rxh2
29.Bf5 Rg2 30.Rg1 Rg5 31.Rh1 Kc7 32.Rh3 Rb5 33.Rc3+ Kb6 34.Rc8 Rc5 35.Rb8+ Ka7
36.Re8 Rc7 37.Rd4 Rg1+ 38.Kb2 Rg2 39.Rc4 Bd8 40.Rxd8 Rxc4 41.bxc4 h4  1-0

[Event "Candidats (Women)"]
[Site "Tskhaltubo"]
[Date "1988.??.??"]
[Round "?"]
[White "Gaprindashvili, Nona"]
[Black "Brustman, Agnieszka"]
[Result "1-0"]
[WhiteElo "2485"]
[BlackElo "2395"]

1.d4 Nf6 2.c4 g6 3.Nc3 Bg7 4.e4 d6 5.Be2 O-O 6.Bg5 c5 7.d5 h6 8.Bf4 e6 9.dxe6 Bxe6
10.Qd2 Qb6 11.Bxh6 Bxh6 12.Qxh6 Qxb2 13.Rc1 Nc6 14.h4 Ne5 15.Nh3 Bxh3 16.Rxh3 Nfg4
17.Qf4 f5 18.Rb1 Qc2 19.exf5 Rxf5 20.Qe4 Qxe4 21.Nxe4 Rf4 22.f3 Ne3 23.Rxb7 Rf7
24.Rxf7 Kxf7 25.Kf2 N5xc4 26.f4 d5 27.Nxc5  1-0

[Event "Candidats (Women)"]
[Site "Tskhaltubo"]
[Date "1988.??.??"]
[Round "?"]
[White "Gaprindashvili, Nona"]
[Black "Arakhamia, Ketevan"]
[Result "1-0"]
[WhiteElo "2485"]
[BlackElo "2420"]

1.d4 d5 2.c4 c6 3.Nf3 Nf6 4.Nc3 e6 5.Bg5 dxc4 6.e4 b5 7.e5 h6 8.Bh4 g5 9.exf6 gxh4
10.Ne5 Qxf6 11.a4 Bb7 12.Be2 c5 13.Bh5 Rh7 14.axb5 Qf4 15.Ne2 Qg5 16.Bf3 Bxf3
17.gxf3 f6 18.Qc2 cxd4 19.Qxh7 Qxe5 20.Kf1 Nd7 21.Qg6+ Kd8 22.Rg1 Rb8 23.Rg4 Bc5
24.Nxd4 Bxd4 25.Rd1 Rxb5 26.Rgxd4 Rd5 27.Qg8+ Ke7 28.Rxd5 exd5 29.Re1  1-0

[Event "Candidats (Women)"]
[Site "Tskhaltubo"]
[Date "1988.??.??"]
[Round "?"]
[White "Brustman, Agnieszka"]
[Black "Gaprindashvili, Nona"]
[Result "1-0"]
[WhiteElo "2395"]
[BlackElo "2485"]

1.e4 c6 2.d4 g6 3.c3 d5 4.e5 h5 5.f4 Nh6 6.Nf3 Bg4 7.Be3 Qb6 8.b3 e6 9.Bd3 h4
10.h3 Bxf3 11.Qxf3 Nf5 12.Bxf5 gxf5 13.Qf2 Nd7 14.O-O Be7 15.Nd2 O-O-O 16.c4 Rdg8
17.c5 Qa6 18.Rfd1 Rh6 19.Kh2 Rhg6 20.Rg1 Rg3 21.Nf1 Qd3 22.Kh1 Qe4 23.Nxg3 Rxg3
24.Rge1 Rxh3+ 25.Kg1 Rg3 26.Kh2 Bf8 27.Rad1 Bh6 28.Bc1 Nxc5 29.Rxe4 Nxe4
30.Qf1 Rg4 31.Rd3 Ng3 32.Qf2 Ne4 33.Qf3 Ng3 34.b4 Nh5 35.a4 Nxf4 36.Bxf4 Bxf4+
37.Kh1 Bg3 38.Rd1 Kd7 39.b5 c5 40.dxc5 Bxe5 41.Rxd5+  1-0

[Event "GMA Baleares Open"]
[Site "Palma de Mallorca"]
[Date "1989.??.??"]
[Round "2"]
[White "Gaprindashvili, Nona"]
[Black "Azmaiparashvili, Zurab"]
[Result "1-0"]
[WhiteElo "2435"]
[BlackElo "2575"]

1.d4 d6 2.c4 e5 3.Nf3 e4 4.Ng5 f5 5.Nh3 Nf6 6.Nc3 c6 7.e3 Na6 8.Nf4 Nc7 9.d5 c5
10.h4 g6 11.Be2 a6 12.a4 Rb8 13.a5 b5 14.axb6 Rxb6 15.Na4 Rb7 16.Bd2 Bd7
17.Ba5 Kf7 18.Nxc5 dxc5 19.d6 Qc8 20.dxc7 Be7 21.Qd2 Bc6 22.Nd5 Bxd5 23.cxd5 Rxc7
24.d6 Rd7 25.Bc4+ Kg7 26.Be6 Rxd6 27.Qxd6 Bxd6 28.Bxc8 Rxc8 29.Bc3 Rc6 30.Ke2 Kf7
31.Ra4 Nd5 32.Rha1 Nc7 33.f3 exf3+ 34.Kxf3 Ke6 35.e4 f4 36.e5 Be7 37.Rxf4 Nd5
38.Re4 Nxc3 39.bxc3 Bd8 40.g3 a5 41.Rf4 Ra6 42.Ke4 a4 43.Rf8 Be7 44.Rh8 a3
45.Rxh7 Ra4+ 46.Kd3 Rg4 47.Kc2 c4 48.Rb1 Bc5 49.Rb5 Bf2 50.Rc7 Bxg3 51.Rc6+ Kd7
52.Ra6 Rxh4 53.Rb7+ Kc8 54.Re7 Rh2+ 55.Kb1 Rb2+ 56.Ka1 Kd8 57.Rh7 Bxe5 58.Rxg6  1-0

[Event "GMA Baleares Open"]
[Site "Palma de Mallorca"]
[Date "1989.??.??"]
[Round "3"]
[White "Ruban, Vadim"]
[Black "Gaprindashvili, Nona"]
[Result "0-1"]
[WhiteElo "2515"]
[BlackElo "2435"]

1.d4 g6 2.c4 Bg7 3.g3 d6 4.Nf3 Nd7 5.Nc3 e5 6.Bg2 Nh6 7.e4 O-O 8.d5 f6 9.h4 Qe7
10.h5 g5 11.Bh3 Nb6 12.Bxc8 Raxc8 13.b3 c5 14.Bd2 a6 15.Qe2 Na8 16.Kf1 Nc7
17.Kg2 Rb8 18.a4 b6 19.Ra2 Rb7 20.Nd1 b5 21.axb5 axb5 22.Ne3 bxc4 23.bxc4 Qd7
24.Nh2 f5 25.exf5 Nxf5 26.Nxf5 Qxf5 27.g4 Qf7 28.Bxg5 Nxd5 29.cxd5 Qxd5+
30.f3 e4 31.f4 e3+ 32.Nf3 h6 33.Rd1 Qe4 34.Bh4 Rxf4 35.Bg3 Rxg4 36.Rxd6 Be5
37.Rg6+ Rg7 38.Rxg7+ Rxg7 39.Ra8+ Qxa8 40.Qc4+ Kh8  0-1

[Event "GMA Baleares Open"]
[Site "Palma de Mallorca"]
[Date "1989.??.??"]
[Round "5"]
[White "Milos, Gilberto"]
[Black "Gaprindashvili, Nona"]
[Result "1-0"]
[WhiteElo "2510"]
[BlackElo "2435"]

1.e4 c5 2.Nf3 Nc6 3.d4 cxd4 4.Nxd4 Nf6 5.Nc3 d6 6.g3 Nxd4 7.Qxd4 g6 8.Bg2 Bg7
9.O-O O-O 10.Qb4 a5 11.Qb3 Be6 12.Qxb7 Bc4 13.Re1 Nd7 14.Qc6 Nc5 15.e5 Rc8
16.Qf3 Bxe5 17.Bh6 Re8 18.Rad1 Nd7 19.Bh3 Rc7 20.Re3 Ba6 21.Nd5 Bb7 22.Qe2 Bxd5
23.Rxd5 e6 24.Rd1 Qf6 25.c3 Qe7 26.c4 Nc5 27.b3 Rb8 28.Qd2 a4 29.b4 Nd7 30.Bf1 Nb6
31.Re4 Bf6 32.Qxd6 Qxd6 33.Rxd6 Nc8 34.Bf4 Rxb4 35.Rdxe6 fxe6 36.Bxc7 Kf7
37.Bh3 Ne7 38.Bxe6+ Kg7 39.Bd6 Rb1+ 40.Kg2 Nf5 41.Bc5 Rb2 42.a3 Rd2 43.Bd5 Rd3
44.Re8 h5 45.Rg8+ Kh7 46.Ra8  1-0

[Event "GMA Baleares Open"]
[Site "Palma de Mallorca"]
[Date "1989.??.??"]
[Round "6"]
[White "Gaprindashvili, Nona"]
[Black "Campora, Daniel H"]
[Result "0-1"]
[WhiteElo "2435"]
[BlackElo "2495"]

1.g3 e5 2.Bg2 d5 3.c3 Nf6 4.d4 Nbd7 5.Nh3 Be7 6.O-O O-O 7.Nd2 Re8 8.dxe5 Nxe5
9.Nf4 c6 10.Nb3 Bf8 11.Qc2 Nc4 12.Nd4 h6 13.b3 Nd6 14.Ba3 Qa5 15.Bb2 Qb6
16.a4 a5 17.c4 dxc4 18.bxc4 Nfe4 19.Nd3 Nc5 20.Nxc5 Qxc5 21.Rfc1 Qh5 22.c5 Nf5
23.e3 Nxd4 24.Bxd4 Bf5 25.Qb3 Re7 26.Qb2 Rd7 27.Ra2 Qg6 28.Qc3 h5 29.Rb2 h4
30.Rb6 Be4 31.f3 Bd5 32.Kf2 Be6 33.Rcb1 Ra7 34.R1b2 Be7 35.g4 Bd8 36.h3 f5  0-1

[Event "GMA Baleares Open"]
[Site "Palma de Mallorca"]
[Date "1989.??.??"]
[Round "7"]
[White "Wolff, Patrick G"]
[Black "Gaprindashvili, Nona"]
[Result "1-0"]
[WhiteElo "2505"]
[BlackElo "2435"]

1.e4 g6 2.h4 Bg7 3.Nc3 c6 4.d4 d5 5.e5 h5 6.Bf4 Nd7 7.e6 fxe6 8.Bd3 Nf8 9.Nf3 Nh6
10.Qd2 Nf5 11.Ne2 Qb6 12.c3 Bf6 13.O-O-O Bd7 14.Kb1 O-O-O 15.Nc1 c5 16.dxc5 Qxc5
17.Nb3 Qb6 18.c4 dxc4 19.Bxc4 Nd6 20.Bd3 Bc6 21.Qe2 Bd5 22.Ne5 Qb4 23.Qe3 Kb8
24.Nc5 Ka8 25.a3 Qb6 26.f3 Rg8 27.Rc1 Nb5 28.Ka1 Qa5 29.Bc4 Nd6 30.Be2 b5
31.Ncd3 Nd7 32.Kb1 Nc4 33.Nxc4 bxc4 34.Ne5 Rb8 35.Rc3 Rb6 36.Nxd7 Bxc3 37.Nxb6+  1-0

[Event "Baden-Baden op"]
[Site "Baden-Baden"]
[Date "1990.??.??"]
[Round "1"]
[White "Gaprindashvili, Nona"]
[Black "Klebel, Martin"]
[Result "1-0"]
[WhiteElo "2435"]
[BlackElo "2370"]

1.d4 d5 2.c4 c6 3.cxd5 cxd5 4.Nc3 Nf6 5.Bf4 Nc6 6.e3 a6 7.Bd3 Bg4 8.f3 Bd7
9.Nge2 e6 10.g4 Be7 11.a3 b5 12.b4 O-O 13.O-O Ne8 14.Qb1 h6 15.Bg3 Nd6 16.e4 dxe4
17.fxe4 Nc4 18.Bxc4 bxc4 19.Qa2 Rc8 20.Rad1 Bf6 21.h3 e5 22.Nd5 Bh4 23.Bh2 h5
24.dxe5 hxg4 25.Kh1 g3 26.Nxg3 Nxe5 27.Nf5 Nd3 28.Qg2 Bxf5 29.Rxf5 Rc6 30.Qe2 Re8
31.Rg1 a5 32.b5 Rce6 33.Nc7 Rxe4 34.Qg2 Qd4 35.Nxe8 Nf2+ 36.Rxf2 Bxf2 37.Nxg7 Bxg1
38.Nf5+ Rg4 39.Qa8+  1-0

[Event "Baden-Baden op"]
[Site "Baden-Baden"]
[Date "1990.??.??"]
[Round "4"]
[White "Ostojic, Predrag"]
[Black "Gaprindashvili, Nona"]
[Result "0-1"]
[WhiteElo "2355"]
[BlackElo "2435"]

1.e4 g6 2.d4 c6 3.Nf3 Bg7 4.h3 d5 5.exd5 cxd5 6.Bd3 Nc6 7.c3 Nh6 8.O-O O-O
9.Be3 Nf5 10.Bf4 Nd6 11.Qb3 Nc4 12.Nbd2 Nxd2 13.Bxd2 Qd6 14.Rad1 Bd7 15.Qc2 Rfc8
16.Qb1 a6 17.Rfe1 b5 18.b4 e5 19.dxe5 Nxe5 20.Nxe5 Bxe5 21.Rc1 Rc7 22.Rc2 Rac8
23.Qc1 Rc6 24.Re2 Qf6 25.Bg5 Qh8 26.Qe3 Bxc3 27.Qe7 Be6 28.Re3 Qd4 29.a3 R6c7
30.Qd6 Rc6 31.Qe7 Qg7 32.a4 bxa4 33.b5 axb5 34.Bxb5 R6c7 35.Rexc3 Rxc3 36.Bf6 Rxc2
37.Bxg7 Kxg7 38.Bxa4 Ra2 39.Bb3 Rc1+ 40.Kh2 Rxf2 41.Bxd5 Bxd5 42.Qe5+ f6  0-1

[Event "Baden-Baden op"]
[Site "Baden-Baden"]
[Date "1990.??.??"]
[Round "7"]
[White "Gaprindashvili, Nona"]
[Black "Roesch, Arnd"]
[Result "1/2-1/2"]
[WhiteElo "2435"]
[BlackElo "2335"]

1.d4 Nf6 2.c4 g6 3.Nc3 d5 4.cxd5 Nxd5 5.e4 Nxc3 6.bxc3 c5 7.Nf3 Bg7 8.Rb1 O-O
9.Be2 cxd4 10.cxd4 Qa5+ 11.Qd2 Qxd2+ 12.Bxd2 b6 13.Rc1 Bb7 14.Bd3 Rd8 15.Rc7 Rd7
16.Rxd7 Nxd7 17.Ke2 Rc8 18.Bf4 e6 19.h3 f5 20.exf5 gxf5 21.Rd1 Nf6 22.Rc1 Rxc1
23.Bxc1 Bd5 24.a3 Ne4 25.Kf1  1/2-1/2

[Event "Baden-Baden op"]
[Site "Baden-Baden"]
[Date "1990.??.??"]
[Round "8"]
[White "Mohr, Stefan"]
[Black "Gaprindashvili, Nona"]
[Result "1-0"]
[WhiteElo "2430"]
[BlackElo "2435"]

1.d4 e6 2.c4 d6 3.Nc3 Nd7 4.e4 e5 5.Nf3 g6 6.Be2 Bg7 7.O-O Qe7 8.d5 c5 9.Nb5 Nb8
10.b4 Na6 11.bxc5 Nxc5 12.Ba3 b6 13.Bxc5 bxc5 14.Qa4 Kf8 15.Rab1 Nf6 16.Nc3 Qc7
17.Qc6 Qxc6 18.dxc6 Ba6 19.Rfd1 Ke7 20.Kf1 Rhc8 21.Rb7+ Ke8 22.Rxd6 Rxc6
23.Rxa7 Rxa7 24.Rxc6 Nd7 25.Nd2 Bf8 26.Bg4 Kd8 27.Ke2 Bh6 28.Bxd7 Bxd2 29.Kxd2 Rxd7+
30.Kc2 Bxc4 31.Rxc5 Bd3+ 32.Kb2 Bf1 33.Kc2 Bxg2 34.Rxe5 Kc7 35.a4 Kc6 36.h4 h5
37.Re8 Kc5 38.Kb3 Rb7+ 39.Nb5 Kc6 40.Kb4 Kd7 41.Re5 f6 42.Rd5+ Ke6 43.Rd6+ Ke7
44.e5 g5 45.exf6+ Kf7 46.hxg5 h4 47.f4 Kg6 48.f7+ Kxf7 49.Rh6 h3 50.f5 Kg8
51.g6 Kg7 52.Rh5 Rb8 53.Kc5 Rc8+ 54.Kd6 Kf6 55.Kd7 Rc2 56.Nd6 Bc6+ 57.Kd8 Rd2
58.Kc7 Rc2 59.Kb6 h2 60.Rxh2 Rxh2 61.Kxc6 Ra2 62.Kb5 Rb2+ 63.Kc5 Ra2 64.Kb4  1-0

[Event "Borshomi cf (Women)"]
[Site "Borshomi"]
[Date "1990.??.??"]
[Round "1"]
[White "Gaprindashvili, Nona"]
[Black "Kachiani Gersinska, Ketino"]
[Result "1-0"]
[WhiteElo "2435"]
[BlackElo "2330"]

1.d4 Nf6 2.c4 e6 3.Nc3 Bb4 4.Nf3 b6 5.g3 Ba6 6.Qa4 c5 7.Bg2 Bxc4 8.O-O Nc6
9.dxc5 b5 10.Nxb5 Bxe2 11.Nd6+ Ke7 12.Ng5 Bxc5 13.Ndxf7 Qb6 14.Nxh8 Bxf1
15.Kxf1 Rxh8 16.Bxc6 Qxc6 17.Qxc6 dxc6 18.Bd2 Bd4 19.Re1 e5 20.f4 Bxb2 21.Bb4+ Kd7
22.fxe5 Nd5 23.e6+ Kc7 24.Nf7 Re8 25.Bd6+ Kc8 26.Bc5 Kc7 27.Nd6 Rf8+ 28.Kg2 Ne7
29.Rb1 Rb8 30.Nc4 Ba3  1-0

[Event "Borshomi cf (Women)"]
[Site "Borshomi"]
[Date "1990.??.??"]
[Round "2"]
[White "Ioseliani, Nana"]
[Black "Gaprindashvili, Nona"]
[Result "1/2-1/2"]
[WhiteElo "2480"]
[BlackElo "2435"]

1.e4 e5 2.Nf3 Nf6 3.d4 Nxe4 4.Bd3 d5 5.Nxe5 Nd7 6.Nxd7 Bxd7 7.O-O Qh4 8.c4 O-O-O
9.c5 g5 10.Nc3 Bg7 11.Ne2 Rde8 12.a4 Re6 13.f3 Rh6 14.fxe4 dxe4 15.Bc4 Qxh2+
16.Kf2 Rf6+ 17.Ke1 Qxg2 18.Rxf6 Bxf6 19.Be3 Bg7 20.c6 Bxc6 21.Bxf7 Rd8 22.Be6+ Kb8
23.Rc1 Be8 24.Qc2 c6 25.Bf5 Bh5 26.Bxe4 Qg4 27.Bf5 Qf3 28.Qd3 Re8 29.Rc3 c5
30.Rxc5 Bxd4 31.Bd7 Bxc5 32.Bxe8 Bb4+ 33.Kd1 Qf1+ 34.Kc2 Qxe2+ 35.Qxe2 Bxe2
36.Bxg5 Bd6 37.Kd2 Bg4 38.Ke3 Bf5 39.Kd4 Kc7 40.Bh5 a5 41.Kd5 Bb4 42.Bf4+ Kb6
43.Be3+ Kc7 44.Bf4+ Kd7 45.Ke5 Bc2 46.Bg4+ Kc6 47.Bf3+ Kb6 48.Bh6 Bc5 49.Bd5 Kc7
50.Bg8 Bd6+ 51.Kd4 Be7 52.Kc4 b6 53.Kd4 Kd7 54.Kd5 Bf6 55.b3 Bd3 56.Be3 Kc7
57.Bf4+ Kb7 58.Bh6 Bc3 59.Kd6 Bb4+ 60.Ke5 Kc6 61.Bd5+ Kc7 62.Ke6 Be2 63.Bf4+ Kc8
64.Bh6 Bg4+ 65.Ke5 Kd7 66.Bg8 Bd1 67.Be6+ Ke7 68.Bg5+ Ke8 69.Bh6 Bh5 70.Bf5 Bf7
71.Bc2 Ke7 72.Bg5+ Kd7 73.Bh6 Be6 74.Bd1 Ba3 75.Be3 Bb2+ 76.Ke4 Kc6 77.Bd2 Bd5+
78.Kd3 Ba3 79.Bh6 Bc5 80.Kc3 Be4 81.Kc4 Bd5+ 82.Kc3 Bf7 83.Bf3+ Kd6 84.Bd1 Kd5
85.Bf3+ Ke5 86.Bd1 Bd5 87.Bc2 Bd4+ 88.Kd2 Be4 89.Bd1 Kf6 90.Bh5 Bd5 91.Bd1 Kg6
92.Bf8 h5 93.b4 h4 94.bxa5 bxa5 95.Bd6 h3 96.Bg4 Bc5 97.Bc7 Bb6 98.Bf4 Bg2
99.Ke2 Kf6 100.Ke1 Ke7 101.Ke2 Kd8 102.Bh2 Bc5 103.Ke1 Ke7 104.Ke2 Bb6 105.Be5 Kf7
106.Bf5 Bd8 107.Kf2 Bh4+ 108.Kg1 Bf6 109.Bc7  1/2-1/2

[Event "Borshomi cf (Women)"]
[Site "Borshomi"]
[Date "1990.??.??"]
[Round "3"]
[White "Gaprindashvili, Nona"]
[Black "Galliamova, Alisa"]
[Result "0-1"]
[WhiteElo "2435"]
[BlackElo "2370"]

1.d4 Nf6 2.c4 e6 3.Nc3 Bb4 4.Nf3 c5 5.g3 cxd4 6.Nxd4 O-O 7.Bg2 d5 8.Qb3 Bxc3+
9.Qxc3 e5 10.Nb3 Nc6 11.cxd5 Nxd5 12.Qc5 Be6 13.Bd2 Rc8 14.O-O a6 15.Qa3 Nb6
16.Ba5 Nc4 17.Bxd8 Nxa3 18.bxa3 Nxd8 19.Rfc1 b6 20.Rxc8 Bxc8 21.Rd1 Ne6 22.Rd6 b5
23.Bd5 Nc7 24.Nc5 Nxd5 25.Rxd5 f6 26.Rd6 Bh3 27.f3 Rc8 28.Rd5 Rc6 29.g4 h5
30.gxh5 Kh7 31.Kf2 Kh6 32.Kg3 Bf1 33.Kf2 Bh3 34.Kg3 Bf5 35.a4 b4 36.e4 Bh7
37.Nd3 Rc3 38.a5 Kxh5 39.Rd7 Kh6 40.Kg4 Bg8 41.Nxb4 Be6+  0-1

[Event "Borshomi cf (Women)"]
[Site "Borshomi"]
[Date "1990.??.??"]
[Round "4"]
[White "Richtrova, Eliska"]
[Black "Gaprindashvili, Nona"]
[Result "0-1"]
[WhiteElo "2340"]
[BlackElo "2435"]

1.d4 g6 2.e4 c6 3.Nc3 d5 4.h3 Nh6 5.Nf3 f6 6.Bf4 a6 7.Bd3 Bg7 8.O-O Nf7 9.Re1 O-O
10.Bg3 e6 11.Qe2 Re8 12.Rad1 b5 13.a3 Bb7 14.h4 Nd7 15.exd5 cxd5 16.h5 g5
17.a4 b4 18.Na2 Bf8 19.c4 bxc3 20.Nxc3 Qb6 21.Bb1 Bb4 22.Qd3 Nf8 23.Nh2 f5
24.Be5 Nxe5 25.Rxe5 Be7 26.Re2 g4 27.Nf1 Bf6 28.Qe3 Re7 29.Ng3 Rg7 30.Qf4 Rd8
31.Bxf5 exf5 32.Nxf5 Bg5 33.Qxg4 Bc8 34.f4 Bf6 35.Qh3 Bxd4+ 36.Kh1 Qf6 37.Rxd4 Bxf5
38.Qe3 Qh4+ 39.Kg1 Bg4 40.Rf2 Re7 41.Qd2 Rde8 42.Rf1 Bf5 43.Rxd5 Qxh5 44.Rd8 Rxd8
45.Qxd8 Rd7 46.Qa8 Qg6 47.Re1 Qb6+ 48.Kh2 Qf2 49.Re8 Qxf4+ 50.Kg1 Bg6 51.Re2 Qc1+
52.Kh2 Rd4 53.g3 Qh6+ 54.Kg2 Bf5 55.Rf2 Bd7 56.Kg1 Rd6 57.Nd5 Re6 58.Rf4 Re1+
59.Kf2 Re8 60.Qb7 Qh2+  0-1